| 000 | 00668nam a2200217 i 4500 | ||
|---|---|---|---|
| 001 | 14701 | ||
| 003 | ES-MaACL | ||
| 005 | 20250809070328.0 | ||
| 007 | t| | ||
| 008 | 990525s1963 fr ||||1| fre d | ||
| 080 | _a821.112.2(494)-31"19" | ||
| 100 | 1 |
_aKnittel, John. _968354 |
|
| 245 | 1 | 0 |
_aAmédée / _cJohn Knittel ; roman traduit de l'anglais par G. Sellier-Leclerq. |
| 260 |
_aParis : _bLe Livre de Poche, _c[1963] |
||
| 300 |
_a500 p. ; _c17 cm. |
||
| 490 | 1 |
_aLe livre de poche ; _v169-170 |
|
| 700 | 1 |
_aSellier-Leclercq, G. _9105337 |
|
| 830 | 0 | 3 |
_aLe livre de poche _v169-170 _9179656 |
| 852 |
_aES-MaACL _jL-21852 _bR.113627 |
||
| 999 |
_c14701 _d14701 |
||